| 000 | 01333cam a22003375a 4500 | ||
|---|---|---|---|
| 001 | 013085554 | ||
| 003 | Uk | ||
| 005 | 20160731130739.0 | ||
| 008 | 050908s2005 ii a frb 001 0 eng d | ||
| 015 |
_aGBA504360 _2bnb |
||
| 016 | 7 |
_a013085554 _2Uk |
|
| 020 | _a0761933069 | ||
| 020 | _a9780761933069 | ||
| 035 | _a(StEdNL)3778513 | ||
| 040 |
_aStDuBDS _beng _dEG-ScBUE |
||
| 042 | _aukscp | ||
| 082 | 0 | 4 |
_a337.54 _222 _bDAS |
| 100 | 1 |
_aDasgupta, Biplab _940552 |
|
| 245 | 1 | 0 |
_aGlobalisation : _bIndia's adjustment experience / _cBiplab Dasgupta. |
| 260 |
_aNew Delhi : _bSage Publications India Pvt Ltd, _c2005. |
||
| 300 |
_a282 p. : _bill. ; _c23 cm. |
||
| 500 | _aIndex ; p. 272-282. | ||
| 504 | _aBibliography : p. 258-271. | ||
| 505 | _aIntroduction -- Multilateral agencies -- Multinational companies -- Patent policies -- Environment policies -- Agricultural reform -- Industrial reform -- Monetary and banking reform -- Fiscal reform -- Trade reform -- Public sector reform -- Labour market reform. | ||
| 651 | 7 |
_aIndia _xEconomic conditions _y1947- _2BUEsh _912780 |
|
| 651 | 7 |
_aIndia _xEconomic policy _y1991- _2BUEsh _935866 |
|
| 651 | 7 |
_aIndia _xPolitics and government _y1977- _2BUEsh _935865 |
|
| 653 |
_bLLAAWW _cJuly2016 |
||
| 690 | 7 |
_aManagement and Business Studies _2blcoll |
|
| 942 |
_2ddc _e22 _k337.54 DAS |
||
| 999 |
_c22077 _d22049 |
||